[Event "Linares Anibal op 04th"]
[Site "Linares"]
[Date "1997.??.??"]
[Round "4"]
[White "Wojtkiewicz, Aleksander"]
[Black "Konguvel, Ponnuswamy"]
[Result "1-0"]
[WhiteElo "2565"]
[BlackElo "2425"]
[Annotator "Ribli,Z"]
[PlyCount "58"]
[EventDate "1997.02.??"]
[EventType "swiss"]
[EventRounds "10"]
[EventCountry "ESP"]
[SourceTitle "CBM 058"]
[Source "ChessBase"]
[SourceDate "1997.06.01"]
[SourceVersion "1"]
[SourceVersionDate "1997.06.01"]
[SourceQuality "1"]

1. Nf3 Nf6 2. c4 c5 3. Nc3 d5 4. cxd5 Nxd5 5. g3 Nc6 6. Bg2 Nc7 {Die
sogenannte Rubinstein-Variante, in der Schwarz mit folgendem e7-e5 ein starkes
Bauernzentrum anstrebt.Ribli.} (6... e5 $4 {Das ist eine seit vielen Jahren
bekannte Eröffnungsfalle.Ribli.} 7. Nxe5 Nxc3 8. Nxc6 $16) 7. Qa4 {Das ist
eine seinerzeit von Uhlmann und Romanishin sehr oft gespielte Variante. Mit
dem Damenzug verhindert Weiß nicht nur e7-e5, sondern hofft auch die normale
gegnerische Entwicklung zu stören. Nach 7...Bd7 8.Qe4 g6 9.Ne5 Bg7 10.Nxd7
möchte er sich den Vorteil des Läuferpaares verschaffen.Ribli.} Bd7 8. Qe4 f6 {
Ein selten gespielte Fortsetzung.Ribli.} (8... g6 9. Ne5 Bg7 10. Nxd7 Qxd7 11.
O-O O-O 12. Rb1 Rab8 13. a3 Nd4 14. d3 e6 15. Be3 Ncb5 $11 {Ehlvest,J-Lautier,
J/Biel SKA/1996/}) 9. d4 {Sonst spielt Schwarz e5, und Weiß kommt nicht mehr
zu d4.Ribli.} cxd4 10. Nxd4 e5 11. Nf5 (11. Nb3 $5 f5 (11... Be7 12. O-O O-O
13. Rd1 Qc8 14. Be3 f5 15. Qc4+ Kh8 16. Nc5 Be8 17. Nd3 $4 {Unglaublich,aber
wahr!Ribli.} Na5 $19 {[%csl Rc4] Horvath,Jo.-Ungureanu,Val Thorens(open) 1992.
Ribli.}) 12. Qe3 Bd6 13. O-O Qe7 14. Rd1 Be6 15. Qg5 O-O-O 16. Qxe7 Bxe7 17.
Be3 $14 {Und Weiß kontrolliert die wichtigen Felder am Damenflügel.Ribli.})
11... g6 12. Nh6 {Nach diesem Zug haben wir eine etwas "irrationale" Stellung
auf dem Brett. Der Springer übt einige Drohungen aus, ist aber zugleich selbst
in Gefahr.Ribli.} (12. Ne3 f5 (12... Bg7 13. O-O O-O 14. Rd1 Qe7 15. Ned5 Nxd5
16. Nxd5 Qf7 17. Be3 $14 {[%csl Gd5][%cal Ye3c5,Yc5f8] Marin,M-Shetty/Calcutta/
1997/}) 13. Qc4 e4 14. Ned5 Nxd5 15. Nxd5 Be6 16. Nc7+ Qxc7 17. Qxe6+ Be7 $13)
12... Qe7 (12... f5 13. Qc4) 13. O-O O-O-O 14. Qh4 $8 {Dieser Zug ist
erzwungen, da 14...f5 nebst 15...Be6 drohte. Ribli.} Kb8 (14... g5 15. Qh5 Nd4
(15... Be6 16. Be3 $14)) 15. f4 Bg7 {Auf dem Brett befindet sich eine sehr
komplizierte Stellung, aber wegen des weißen Nh6 glaube ich, daß Schwarz
keineswegs schlechter steht.Ribli.} 16. g4 (16. Be3) 16... Bxh6 (16... Rhf8 $5)
(16... Rhe8) 17. Qxh6 Bxg4 18. Qh4 h5 (18... f5 $5 19. Qxe7 Nxe7 20. fxe5 Ned5
$15) (18... Qc5+ 19. Kh1 f5 20. fxe5 Nxe5 21. Bf4 $44) 19. fxe5 fxe5 (19...
Nxe5 20. Qxf6 Qc5+ 21. Qf2 $13) 20. Bg5 $44 {Für einen Bauern hat Weiß
genügend Kompensation, da er stark auf den schwarzen Feldern ist.Ribli.} Qc5+
21. Kh1 Rd7 (21... Rd4 22. Be3 $16) (21... Rdf8) 22. Ne4 {[%cal Re4c5,Re4f6]
Und plötzlich hat Weiß verschiedene Drohungen.Ribli.} Qc4 23. Nf6 Rd4 (23...
Rd6 24. b3 $1 {[%csl Rg4]} Qxe2 25. Rae1 Qxa2 26. Nxg4 $16) (23... Rdd8 24.
Nxg4 hxg4 25. Bxd8 Rxh4 26. Bxh4 $36) 24. e3 Rd2 25. e4 {Droht 25.Bxd2 und 25.
Nxg4 gleichzeitig.Ribli.} Rxg2 26. Kxg2 Be2 $2 (26... Be6 {Auch in diesem Fall
besitzt Weiß Vorteil, aber Schwarz kann noch kämpfen. Wesentlich ist, daß der
Läufer auf e2 aktiv zu stehen scheint, sich in Wirklichkeit aber in der Falle
befindet. Auf e6 hingegen kontrolliert er die wichtigsten Punkte.Ribli.}) (
26... Qe2+ 27. Rf2 $18) 27. Rf2 Nd4 $6 (27... Qb5) 28. Nd7+ Ka8 29. Nxe5 {
Schwarz hat seinen besten Bauern verloren, er hat nun keine Gegenchancen mehr.
Ribli.} Qe6 {Schwarz gab auf, denn es folgt z.B.30.Qf4 mit großem materiellen
Nachteil ohne Kompensation.Ribli.} 1-0

[Event "EU-Cup 19th"]
[Site "Rethymno"]
[Date "2003.09.30"]
[Round "3.6"]
[White "Pantsulaia, Levan"]
[Black "Timofeev, Artyom"]
[Result "1-0"]
[WhiteElo "2461"]
[BlackElo "2575"]
[Annotator "Ribli,Z"]
[PlyCount "66"]
[EventDate "2003.09.28"]
[EventType "team-swiss"]
[EventRounds "7"]
[EventCountry "GRE"]
[SourceTitle "CBM 098"]
[Source "ChessBase"]
[SourceDate "2004.02.03"]
[SourceVersion "1"]
[SourceVersionDate "2004.02.03"]
[SourceQuality "1"]
[WhiteTeam "Tbilisi"]
[BlackTeam "Kazan Ladya"]
[WhiteTeamCountry "GEO"]
[BlackTeamCountry "RUS"]

1. Nf3 c5 2. c4 Nf6 3. g3 d5 4. cxd5 Nxd5 5. Bg2 Nc6 6. O-O (6. d4 {Dieser Zug
war seinerzeit populär und führt zu Vereinfachungen.} cxd4 7. Nxd4 Ndb4 8. Nxc6
Qxd1+ 9. Kxd1 Nxc6 10. Bxc6+ bxc6 11. Be3 e5 $11 {Weiß hat eine gesunde
Bauernstruktur, weil der c6P eine ewige Schwächung ist, aber das Läuferpaar
bietet Schwarz aktives Gegenspiel.}) 6... e5 7. Nc3 Nc7 (7... Be6 8. Ng5 Qxg5
9. Nxd5 Qd8 10. Ne3 Rc8 11. b3 Bd6 12. Bb2 O-O $11) 8. d3 Be7 {Wir haben die
sogenannte Maroczy-Variante der Sizilianische Eröffnung, aber mit vertausvhten
Farben. Schwarz hat einestarke Zentrumsstellung, aber Weiß hat eienen
Entwicklungsvorteil und starke Kontrolle über die weißfarbigen Punkte.} 9. Be3
{Dieser genügsame Zug bietet Weiß wenig Hoffnungen für einen Eröffnungsvorteil.
} (9. Nd2 {[%cal Gd2c4] Dieser Zug mit der Idee 10.Nc4 und möglicherweise 11.
f4 ist die prinzipielle Fortsetzung.}) 9... O-O 10. Rc1 Rb8 {Mit diesem
schablonenhafter Turmzug vermeidet Schwarz die möglichen Motive auf der
h1-a8-Diagonale, aber verteidigt sich nicht gegen die Motive am Damenflügel.
Die Alternative 10...Bd7! neutralisiert die weiße Drohungen am Damenflügel.} (
10... Ne6 11. Nd2 Ned4 12. Nd5 $14) (10... Be6 11. a3 (11. Nd2 Qd7 12. Nc4 Nd5
$11) 11... b6 (11... Rc8 12. Na4 b6 13. b4 $16) 12. b4 cxb4 13. axb4 $14) (
10... Bd7 $1 {Nach diesem Zug kann Schwarz ruhig später b7-b6 ziehen.} 11. Nd2
b6 (11... Rc8 12. Nc4 f6 13. Ne4 b6 $11) 12. Nc4 f6 13. f4 exf4 14. gxf4 f5 $11
) 11. a3 b6 {Dieser Zug gefällt mir nicht, es wäre besser den Läufer auf d7 zu
entwickeln.} (11... f6 12. Na4 b6 13. b4 Be6 14. bxc5 b5 15. Nc3 Nd5 16. Nxd5
Bxd5 17. Qc2 {1-0 Santa Torres,J-Husain,S/Luzern 1982/EXT 97-B (55)}) (11...
Bd7 $1 $11) 12. b4 {Nach 11.a3 muss Schwarz immer mit dieser Möglichkeit
rechnen.} (12. Na4 Bb7 13. Bd2 Kh8 14. b4 cxb4 15. axb4 Nxb4 16. Nxe5 Bxg2 17.
Kxg2 Qd5+ 18. Nf3 Ne6 19. Kg1 Rbc8 {0-1 Ilic,L-Trajkovski,M/Skopje 1998/EXT
2000 (38)}) 12... cxb4 13. axb4 Nxb4 (13... Bxb4 14. Na2 (14. Qa4 Bb7 15. Nxe5
Nxe5 16. Qxb4 Bxg2 17. Kxg2 $13) 14... Bc5 15. Bxc5 bxc5 16. Rxc5 $14) 14. Nxe5
{Die Stellung ist ganz asymetrisch - Schwarz hat zwei verbundene Freibauern am
Damenflügel, aber die weiße Bauernmasse im Zentrum ist wertvoller.} Bb7 15.
Bxb7 (15. Qa4 Bxg2 16. Kxg2 a5 17. Nc6 Nxc6 18. Qxc6 Ne6 19. Nd5 Bc5 20. Bxc5
bxc5 21. e4 Rb3 22. Rfd1 Qg5 23. Rb1 Rxb1 24. Rxb1 Qd2 25. Qb5 h5 26. h4 {
1-0 Senkyr,V-Pokorny,T/CZE 1998/EXT 2000 (33)}) 15... Rxb7 16. Qb3 $14 {
[%csl Ge5][%cal Gb3g8,Gc1c7] Weiss hat aktives Figurenspiel und kontrolliert
die wichtigste Punkten im Zentrum.} a5 17. Qc4 {[%cal Gc4e4]} b5 18. Qe4 {
[%csl Ge4][%cal Ge4a8][%mdl 2048] Die schwarze Bauern am Damenflüegel sind nur
scheinbar aktiv.} Qa8 (18... Ncd5 $2 19. Nc6 Qd7 (19... Nxc6 20. Nxd5 $18) 20.
Nxa5 $16) 19. Qg4 Qa6 (19... a4 20. Nd7 f5 21. Qf3 $14) 20. Nd7 Rd8 21. Nc5
Bxc5 22. Bxc5 Nbd5 (22... Nc6 23. Ne4 Ne6 24. f4 $14 {[%cal Gf4f5]}) 23. Nxd5
Nxd5 24. Bd4 Nf6 (24... Qg6 25. Rc8 Rb8 26. Rxb8 Rxb8 27. Qd7 $14) 25. Qf3 Ne8
(25... Nd5 26. Qxd5 Rbd7 {[%cal Rd8d4]} (26... Rxd5 $4 27. Rc8+ $18) 27. Rc6
Qb7 28. Qc5 Rxd4 29. Rc1 {Droht jetzt 30.Qxd4 mit Gewinn.} h6 30. Rb6 $16) 26.
Rc6 Qa8 27. Rfc1 {[%csl Gd4,Gf3][%cal Gc1c8] Weiß hat ein ausgezeichnetes
Figurenspiel, weil Schwarz Schwerigkeiten mit der Figurenkoordination hat.} b4
(27... Rxd4 $2 28. Rc8 $18) (27... Rbb8 $5) 28. Qg4 a4 29. Be5 $1 {Jetzt droht
schon 30.Rc8, weil der Läuferzug 30...Rb8 verhindert.} (29. Rc8 Rb8 $13) 29...
Qa5 $2 (29... h5 $5 {Mit diesem Bauernopfer kann Schwarz seine Grundlinie
öffnen und wenn die Dame weg von der Diagonale h3-c8 geht, droht nicht mehr
das Motiv Rc8.}) 30. R1c5 Qa7 31. Rc8 Rbd7 {[#]} 32. R5c7 $1 $18 {[%mdl 64]} (
32. Qxb4 $18) 32... Rxc8 33. Rxc8 {[%cal Rc8g8,Rg4g7]} f5 (33... Re7 34. Qxg7#)
(33... f5 34. Qc4+ $18) 1-0

[Event "United Insurance 5th"]
[Site "Dhaka"]
[Date "2001.02.21"]
[Round "3"]
[White "Volzhin, Alexander"]
[Black "Miezis, Normunds"]
[Result "1-0"]
[WhiteElo "2539"]
[BlackElo "2532"]
[Annotator "Ribli,Z"]
[PlyCount "129"]
[EventDate "2001.02.19"]
[EventType "tourn"]
[EventRounds "13"]
[EventCountry "BAN"]
[EventCategory "8"]
[SourceTitle "CBM 082"]
[Source "ChessBase"]
[SourceDate "2001.05.17"]
[SourceVersion "1"]
[SourceVersionDate "2001.05.17"]
[SourceQuality "1"]

1. Nf3 c5 2. c4 Nf6 3. Nc3 d5 {Dieser Zug wird relativ selten gespielt, nach
meiner Meinung nach aber bietet er Schwarz gute Ausgleichschancen.} 4. cxd5
Nxd5 5. d4 {Die eigentliche Alternative zur Partiefortsetzung wäre der Zug 5.
e4, aber auch 5.g3 und 5.e3 sind möglich.} cxd4 (5... Nxc3 6. bxc3 g6 7. e4 {
Das ist eine Hauptvariante der Grünfeld-Indischen Verteidigung.} (7. e3)) 6.
Qxd4 Nxc3 7. Qxc3 Bf5 $6 {Schwarz bleibt konsequent und spielt erneut seine
Lieblingsvariante. Aber warum nur? Bis jetzt hat er nicht einmal mit diesem
Läuferzug gewonnen! Es ist höchste Zeit für Miezis, sich von dieser Variante
zu trennen...} (7... Nc6 8. e4 e6 9. Bb5 Bd7 10. O-O Qb6 11. a4 Qc5 12. Qd3 Qd6
13. Qe2 a6 {Das wäre die beste Variante für Schwarz. Weiß besitzt zwar
Entwicklungsvorsprung, aber die schwarze Stellung ist solide.}) 8. g3 $1 {
Das ist die beste Möglichkeit für Weiß - dieser Zug wurde erstmalig in der
Partie Chuchelov,V - Miezis,N Deutschland 1999 gespielt. (Siehe die Variante
nach 8...Qc8)} (8. Nd4 Be4 (8... Bd7 $5 9. e4 Nc6 10. Nxc6 Bxc6 11. f3 Rc8 $11)
9. Bf4 $5 e5 (9... Nc6 $5 10. Nxc6 Bxc6 11. Rd1 Qb6 $11) 10. Bxe5 Na6 11. a3
Rc8 12. Qd2 Qd5 13. Bg3 Bc5 $44 {1-0 Slutzky,L-Miezis,N/Eupen 1997/CBM 62/
[Ribli] (40)}) (8. Be3 Nc6 9. Rd1 Qc8 (9... Qa5 10. Qxa5 Nxa5 11. Rd5 e6 12.
Rxa5 Bb4+ 13. Bd2 Bxa5 14. Bxa5 Rc8 15. Bc3 {1-0 Levin,F-Miezis,N/Bad
Woerishofen 1998/CBM 63 ext (36)}) 10. a3 f6 11. h3 e5 12. g4 Be4 13. Bg2 Ne7
14. Qb3 Qc2 15. Qxc2 Bxc2 16. Rd2 Be4 {1/2-1/2 Lalic,B-Miezis,N/Hastings 1999/
EXT 2000 (24)}) 8... Na6 (8... Qc8 9. Qxc8+ Bxc8 10. Nd4 a6 (10... e5 11. Nb5
Na6 12. Bg2 Bb4+ 13. Bd2 Bxd2+ 14. Kxd2 Ke7 15. Rhc1 Bd7 16. a4 $16) (10... Bd7
11. Bg2 Nc6 12. Nxc6 Bxc6 13. Bxc6+ bxc6 14. Bf4 f6 15. e4 e5 16. Be3 $14) 11.
Bg2 e5 12. Nb3 Nc6 13. O-O Bg4 $1 14. Be3 $1 Bxe2 15. Rfc1 $6 (15. Rfe1 $1 Bc4
16. Rec1 $1 Bxb3 17. Rxc6 Rd8 18. Rc7 Bd5 19. Bxd5 Rxd5 20. Rxb7 $16) 15... Bd6
$11 16. Nc5 Bxc5 17. Rxc5 O-O 18. Bxc6 bxc6 19. Rxe5 {1/2-1/2 Chuchelov,
V-Miezis,N/Germany 1999/CBM 74 ext/[Chuchelov] (19)}) 9. Bg2 Rc8 10. Qd4 Nc5 (
10... f6 11. O-O e5 12. Qxa7 Nc5 13. Qa3 Bc2 14. b3 e4 15. Ne1 Bd1 16. Qb2 Bd6
17. Bf4 Bxf4 18. gxf4 Ne6 19. Qb1 Bxe2 20. Qxe4 Kf7 21. Qxe2 {1-0 Kallai,
G-Miezis,N/France 2000/EXT 2001 (32)}) 11. O-O {Weiß hat großen
Entwicklungsvorsprung. Schwarz hat zwar keine besonderen Schwächen, aber auch
im Schach gilt die Losung: Zeit ist Geld!} Qxd4 (11... e6 12. Be3 $14) (11...
Be4 12. Be3 $14) 12. Nxd4 Be4 13. Be3 (13. f3 $6 Bg6 14. f4 Be4 $11) 13... Bxg2
14. Kxg2 $14 {Dank des besseren Figurenspiels steht Weiß etwas besser. Seine
positionelle Drohung ist die Turmverdopplung auf der c-Linie und Druck am
Damenflügel.} e5 (14... e6 15. Rac1 $14) 15. Nf3 f6 (15... e4 16. Nd2 f5 17.
Rac1 $14) 16. Rac1 {[%mdl 32] Droht 17.b4, nun muss Schwarz seine Stellung
schwächen.} a5 (16... Rc7 $14) 17. Nd2 Rc6 18. Rc2 Kd7 (18... Na4 19. Rxc6 bxc6
20. Nc4 $16 {[%csl Gc4]}) 19. Rfc1 b6 20. Nc4 {Droht 21.Nxa5 mit Bauerngewinn.}
a4 21. Rd1+ Ke6 (21... Ke7 $2 22. Nxb6 $18) (21... Ke8 22. Nxb6 (22. Rd5 $16)
22... Rxb6 23. Bxc5 Bxc5 24. Rxc5 $18) 22. Rd8 {[%csl Gd8][%cal Gd8h8] Die
Fesslung auf der Grundlinie ist sehr unangenehm für Schwarz. (Ich möchte
anmerken, dass eine Eröffnung, in der ein Läufer und ein Turm auch nach dem 22.
Zug noch in der Grundstellung verharren, nicht spielbar sein kann!)} Nd7 23. b3
$1 {Weiß festigt die Stellung seins Nc4. Jetzt droht 24.Rd2.} (23. Rd2 $6 Rxc4
24. R2xd7 Rc2 $132 (24... Bb4 25. Rxh8 Kxd7 26. Rxh7 Bf8 $132 {[%csl Rh7]}))
23... axb3 24. axb3 b5 {Dieser Zug schwächt den b-Bauern, aber Schwarz hat
nichts besseres.} 25. Na3 Rxc2 26. Nxc2 g5 (26... g6 27. Na3 b4 28. Nc2 $16)
27. Na3 b4 28. Nc2 Bg7 29. Rxh8 Bxh8 30. Nxb4 $16 {[%mdl 4096] Weiß hat einen
Bauern mehr. Der entfernte Freibauer muss - saubere Technik vorausgesetzt -
die Partie entscheiden.} h5 31. Nc2 Bg7 (31... g4 $16) 32. Kf1 {[%cal Gf1e1,
Ge1d2] Der weiße König muss seinen Freibauern unterstützen.} Bf8 33. Ke1 Kf5 {
[%cal Rf5g4,Rg4h3] Droht 34...Kg4 und 35...Kh3.} 34. f3 g4 {Schwarz hat nur
eine Hoffnung in dieser Stellung, er muss so viel Material wir irgend möglich
abtauschen.} 35. Kd2 Ke6 (35... e4 36. f4 $16) 36. Kc3 f5 37. Kc4 {[%csl Gc4]
Der weiße König steht aktiv auf c4, der schwarze Nd7 hingegen hat keine
Möglichkeit, aktiv ins Geschehen einzugreifen.} Bd6 38. Bf2 f4 39. b4 {[%csl
Gb4]} Nf6 (39... fxg3 40. hxg3 gxf3 41. exf3 $16) 40. gxf4 (40. b5) 40... exf4
41. Nd4+ {[%csl Gd4]} Ke5 (41... Kd7 42. Nf5 $16) 42. b5 Nd7 43. e3 gxf3 $2 (
43... fxe3 44. Bg3+ $18) (43... Nb6+ $142 $1 44. Kd3 fxe3 45. Bg3+ Kd5 $14) 44.
Nxf3+ Ke4 (44... Kf5 45. Kd5 $16) 45. Nd2+ Kf5 46. h3 {Weiß verhindert das
mögliche Eindringen des Königs (46...Kg4).} (46. e4+ Kg4 (46... Ke6 47. Nf3 $16
) 47. Kd5 Bb4 $132) 46... fxe3 47. Bxe3 Bf4 (47... Ke6 48. Nf3 $16) 48. Bxf4
Kxf4 49. Kd5 {Das Material ist reduziert aber bei gutem Spiel kann Weiß dieses
Endspiel gewinnen. Er muss verhindern, dass sich der schwarze Springer gegen
seinen b-Bauern opfert.} Nb6+ (49... Kg3 50. Kc6 Ne5+ 51. Kd6 Nd3 (51... Nf7+
52. Kc7 Ne5 53. b6 Nd3 54. Kd6 (54. b7 Nb4 55. Kb6 $18) 54... Nb4 55. Ne4+ Kxh3
56. Nc5 $18) 52. b6 Nb4 53. Ne4+ Kxh3 54. Nc5 $18) 50. Kc6 Nc8 (50... Na4 51.
Nb3 Kg3 52. Nc5 Nxc5 (52... Nb2 53. Kd5 Nd1 54. b6 Ne3+ 55. Ke6 $18) 53. Kxc5
Kxh3 54. b6 Kg2 55. b7 h4 56. b8=Q $18) 51. Kc7 Ne7 (51... Na7 52. b6 Nb5+ 53.
Kc6 $18) 52. Nb1 {Droht 53.Nc3.} Nd5+ (52... Kg3 53. Nc3 Kxh3 54. b6 $18) 53.
Kd6 Nb6 54. Kc6 Nc4 (54... Na4 55. Nc3 $1 Nxc3 56. b6 $18) 55. Kc5 Ne5 56. Nd2
h4 (56... Kg3 57. Kd6 Nf7+ 58. Kc7 $18) 57. Kd6 Nd3 58. b6 Nb4 59. b7 Na6 60.
Nb3 $18 Kg3 61. Nc5 Nb8 62. Kc7 Kxh3 63. Kxb8 Kg2 64. Ne6 (64. Kc7 h3 65. b8=Q
h2 66. Qb2+ Kg1 67. Nd3 $18) 64... Kg3 (64... h3 65. Nf4+ $18) 65. Kc8 1-0

[Event "Vidmar Memorial 15th"]
[Site "Terme Zrece"]
[Date "2003.08.19"]
[Round "2"]
[White "Halkias, Stelios"]
[Black "Sutovsky, Emil"]
[Result "1/2-1/2"]
[WhiteElo "2560"]
[BlackElo "2639"]
[Annotator "Ribli,Z"]
[PlyCount "111"]
[EventDate "2003.08.17"]
[EventType "tourn"]
[EventRounds "9"]
[EventCountry "SLO"]
[EventCategory "12"]
[SourceTitle "CBM 097"]
[Source "ChessBase"]
[SourceDate "2003.11.11"]
[SourceVersion "1"]
[SourceVersionDate "2003.11.11"]
[SourceQuality "1"]

1. Nf3 Nf6 2. c4 c5 3. Nc3 d5 4. cxd5 Nxd5 5. e4 {Das ist die prinzipielle
Fortsetzung für Weiß. Ich merke an, dass 5.d4 Nxc3 6.bxc3 g6 zur
Grünfeld-Indischen Verteidigung führt, die Großmeister Sutovsky gerne mit
Schwarz spielt.} Nb4 (5... Nxc3 6. dxc3 {Dieser Zug führt zu einer
symmetrischen Stellung und zu gleichem Spiel.} (6. bxc3 g6 {Mit Zugumstellung
erreichen wir die Gruenfeld-Indische Verteidigung.})) 6. Bc4 (6. Bb5+ {Das
wäre die andere - oft gespielte - Hauptvariante.}) 6... Nd3+ (6... Be6) 7. Ke2
Nxc1+ {Das ist wirklich eine Überraschung - die Theorie bewertet diese
Fortsetzung als vorteilhaft für Weiß.} (7... Nf4+ 8. Kf1 Be6 (8... Ne6 9. b4 $5
g6 10. bxc5 Bg7 11. Bxe6 Bxe6 12. d4 Nc6 13. Be3 Bc4+ 14. Kg1 Qa5 15. Rc1 O-O-O
16. Nb1 Qa6 17. d5 f5 18. Rxc4 Qxc4 19. Nbd2 {1-0 Vallejo Pons,F-Leko,P/
Linares ESP 2003/(43)}) 9. Bb5+ Bd7 10. d4 cxd4 11. Bxd7+ (11. Nxd4) 11... Nxd7
12. Nxd4 $14 {1/2-1/2 Hillarp Persson,T-Sutovsky,E/Malmo 2003/CBM 95/[Ribli] 
(44)}) 8. Rxc1 Nc6 {Dieser Springerzug ist viel aktiver als die Alternative 8..
.e6.} (8... e6 9. d4 cxd4 10. Bb5+ Nc6 11. Qxd4 Qxd4 12. Nxd4 Bd7 13. Rhd1 Rc8
14. Nxc6 bxc6 (14... Bxc6 15. Bxc6+ Rxc6 16. Nb5 $16) 15. Ba4 $16) 9. Bb5 (9.
Qb3 e6 10. Bb5 Bd7 11. Rhd1 Bd6 12. d4 cxd4 13. Bxc6 Bxc6 14. Nxd4 Qg5 15. Nxc6
bxc6 16. Kf1 O-O 17. Ne2 $14 {0-1 Pajkovic,V-Djuric,S/Cetinje 1990/EXT 97 (38)}
) 9... Bd7 10. d4 cxd4 11. Bxc6 (11. Nxd4 e6 (11... Qb6 $5) 12. Nxc6 bxc6 13.
Ba4 Bc5 14. Qd3 Rb8 15. Rc2 e5 16. Nd1 Qe7 17. Ne3 O-O 18. Rxc5 Qxc5 19. Qxd7 {
1-0 Benko,P-Garcia Gonzales,G/Hastings 1974/EXT 99 (44)}) 11... Bxc6 (11...
bxc6 12. Qxd4 Qb6 13. Rhd1 Qxd4 14. Rxd4 g6 15. Rcd1 Bg4 16. Rc4 {1-0
Kryvoruchko,Y-Oleksienko,M/Lviv UKR 2003 (43)}) 12. Nxd4 {Weiß hat großen
Entwicklungsvorteil, aber Schwarz hat das Läuferpaar und seine Stellung ist
fest.} Bd7 {[%mdl 4]} 13. Nd5 (13. Qb3 $5 {[%cal Gh1d1,Gd1d8] Weiß hat
positionellen Druck und er kann seine Stellung auch mit Rhd1 verstärken.} e6 (
13... Bg4+ $2 14. f3 Qxd4 15. Rhd1 $18 (15. Nb5 Qxe4+ 16. Kf2 $18)) 14. Rhd1
$36) 13... Rc8 14. Rxc8 (14. Qd2 e6 15. Rxc8 Bxc8 16. Nc3 $11) 14... Qxc8 15.
Qd3 (15. Qd2 Qc4+ $11) (15. Qc1 e6 16. Qxc8+ Bxc8 17. Rc1 Kd7 $11) 15... e6 16.
Nc3 Bb4 $11 {Schwarz kann endlich seine Entwicklung beenden und mit dem
Läuferpaar steht er nicht schlechter. Aber früher oder später muss er das
Läuferpaar tauschen.} (16... Bc5 $11) 17. Rc1 O-O 18. Nf3 (18. a3 Be7 $11)
18... a6 {[%cal Rd7b5,Rb5e2] Die schwarze Drohung ist 19...Bb5 mit
Materialgewinn.} 19. Rc2 Rd8 {[%cal Gd8d3,Gd7b5,Gb5e2]} 20. a3 (20. Nd5 $2 Qb8
21. Nxb4 Bb5 $19) 20... Qb8 $15 {[%csl Gb4,Gd7,Re2]} 21. Qe3 {Schwarz hat
aktives Figurenspiel und der weiße König steht etwas unsicher in der Mitte.} (
21. axb4 $2 Bb5 22. Nxb5 Rxd3 $17) 21... Bxc3 (21... Be7 $15) 22. Rxc3 h6 (
22... Bb5+ 23. Ke1 Qd6 24. Qd4 Qe7 25. Qe3 $15) 23. Qb6 Bc6 24. Ke3 (24. Ne5
Bxe4 25. Qc7 f6 $17) 24... g5 $6 {Droht 25...Qf4+, aber die Alternative
scheint mir besser.} (24... Qd6 $5 $17 {[%cal Gd8d1]}) 25. g3 (25. Ne5 $1 Rf8
26. Nxc6 Qf4+ 27. Ke2 bxc6 $11 {Schwarz hat Bauernschwächen am Damenflügel,
aber die weiße Königstellung ist auch schwach.}) 25... f5 (25... Qd6 26. Nd4
$13) 26. Ne5 $1 $132 {Weiß nutzt aus, dass der d8R unglücklich steht.} f4+ (
26... Qxe5 $2 27. Qxd8+ Kf7 28. Kd2 $16) 27. gxf4 gxf4+ 28. Kf3 (28. Kxf4 $4
Rf8+ $19) 28... Qd6 29. Nxc6 bxc6 30. Qxa6 $6 (30. Qxc6 Qd1+ (30... Qe5 31. Rc5
$18) 31. Kxf4 Rf8+ 32. Ke5 $16 {In dieser Variante hat Schwarz immer einige
Schachmöglichkeiten, aber es gibt nichts Konkretes: Weiß behält
Materialvorteil.}) 30... e5 $44 {[%csl Rf3][%cal Gd8d1] Der weiße König steht
angreifbar auf f3 - Schwarz hat ausreichende Kompensation für den Bauern.} (
30... Qd1+ 31. Qe2 $16) 31. Qf1 (31. Qa4 Qd7 $44 {[%cal Gd7h3,Gh3f3]}) (31. Qe2
Qg6 $44) 31... Kh8 {[%cal Gd6g6,Gd8g8,Gg8g4][%mdl 128] Schwarz möchte auf der
g-Linie angreifen. Das sofortige 31...Qg6 wäre ganz schlecht wegen 32.Qg2 und
Weiß kann die Damen tauschen.} 32. Rc1 $2 (32. h3 Qg6 33. Qg2 Qe6 $44) 32...
Qg6 {[%cal Gg6h5,Gh5f3,Gd8g8,Gg8g4]} 33. h3 Qh5+ $2 {Dieses automatische
Schach ergibt nichts Besonderes für Schwarz, aber die Alternative war sehr
chancenreich.} (33... Rg8 $1 34. Ke2 Qxe4+ $17) 34. Kg2 Rg8+ 35. Kh1 f3 (35...
Qf3+ 36. Kh2 Qxe4 37. Re1 Qd4 (37... Qf5 38. Qe2 f3 39. Qxe5+ Qxe5+ 40. Rxe5
Rg2+ 41. Kh1 Rxf2 $11) 38. Qe2 e4 39. Qc2 $11) 36. Rc3 Rd8 {[%cal Rd8d1,Rd1h1]
Droht 37...Rd1 38.Qxd1 Qh3+.} (36... Qh4 $6 37. Rxf3 Qxe4 38. Qd1 Rf8 39. Kg2
$14) 37. Kh2 Rg8 38. Kh1 Rg6 {Schwarz ist nicht zufrieden mit der
Zugwiederholung (38...Rd8).} 39. a4 (39. b4) 39... Rd6 40. Kh2 $11 Rg6 41. Kh1
Kh7 42. a5 c5 43. b3 (43. a6 $2 Rxa6 $17) 43... Rd6 (43... Ra6 $2 44. Rxc5 $18)
44. Kh2 Rg6 45. Kh1 Rd6 46. Kh2 Qf7 47. Qc1 (47. Rxc5 Qf4+ 48. Kh1 Rd7 49. Rc3
Qxe4 $44) 47... Rg6 48. Qe3 Rf6 (48... Rd6 49. Qxf3 Rf6 50. Qg3 Rxf2+ 51. Kg1
Ra2 $44) 49. Rc1 (49. Rxc5 $4 Qg7 $19) 49... Rg6 50. Rc3 Rf6 51. Rc1 Rg6 52.
Rg1 Rxg1 53. Kxg1 Qg6+ 54. Kf1 Qa6+ (54... Qg2+ $2 55. Ke1 Qg1+ 56. Kd2 Qa1 57.
Qxf3 Qxa5+ 58. Qc3 $16) 55. Kg1 Qg6+ 56. Kf1 1/2-1/2